Normal view
MARC view
Entry Personal Name
001 - CONTROL NUMBER
- control field: 10491
003 - CONTROL NUMBER IDENTIFIER
- control field: BD-RjUL
005 - DATE AND TIME OF LATEST TRANSACTION
- control field: 20231212153633.0
008 - FIXED-LENGTH DATA ELEMENTS
- fixed length control field: 231212|| aca||aabn | a|a d
040 ## - CATALOGING SOURCE
- Original cataloging agency: BD-RjUL
- Transcribing agency: BD-RjUL
100 ## - HEADING--PERSONAL NAME
- Personal name: Kricheldorf, Hans Rytger,
- Dates associated with a name: 1942-
670 ## - SOURCE DATA FOUND
- Source citation: Work cat.: (BD-RjUL)82455: Kricheldorf, Hans Rytger, 1942-, Handbook of polymer synthesis /, c2005, 2019 [reprinted 2023]